000 00405nam a22001457a 4500
005 20240705104452.0
008 240705b |||||||| |||| 00| 0 eng d
041 _aEnglish
082 _a349 PRE
100 _lEnglish
260 _aDurban:
_bPrentice Hall Services (Pty) Ltd,
_c1936
300 _b89 pages;
_c26 cm.
650 _aLegal practice
_bLaw
942 _cBK
_6ALISON_BN_VRIES
999 _c2109
_d2109